<?xml version="1.0" encoding="UTF-8"?>
<collection xmlns="http://www.loc.gov/MARC21/slim">
 <record>
  <leader>00492pamaa2200145   4500</leader>
  <controlfield tag="001">0000023581</controlfield>
  <controlfield tag="005">20061116090000.0</controlfield>
  <datafield tag="020" ind1="0" ind2="0">
   <subfield code="a">0895945215 </subfield>
  </datafield>
  <datafield tag="090" ind1="0" ind2="0">
   <subfield code="a">PS648.D4 </subfield>
   <subfield code="b">FOU 1991</subfield>
  </datafield>
  <datafield tag="245" ind1="1" ind2="4">
   <subfield code="a">The FOURTH womansleuth anthology : </subfield>
   <subfield code="b">contemporary mystery stories by women  </subfield>
   <subfield code="c">edited by Irene Zahava.</subfield>
  </datafield>
  <datafield tag="260" ind1="0" ind2="0">
   <subfield code="a">California: </subfield>
   <subfield code="b">The Crossing Press, </subfield>
   <subfield code="c">1991.</subfield>
  </datafield>
  <datafield tag="300" ind1=" " ind2=" ">
   <subfield code="a">194p.; </subfield>
   <subfield code="c">22cm.</subfield>
  </datafield>
  <datafield tag="650" ind1="0" ind2="0">
   <subfield code="a">Detective and mystery stories, American </subfield>
  </datafield>
  <datafield tag="650" ind1="0" ind2="0">
   <subfield code="a">American fiction -- </subfield>
   <subfield code="x">Women authors </subfield>
  </datafield>
  <datafield tag="700" ind1="1" ind2="1">
   <subfield code="a">Zahava, </subfield>
   <subfield code="h">Irene </subfield>
  </datafield>
 </record>
</collection>
